| 000 | 00772cam a22002653a 4500 | ||
|---|---|---|---|
| 001 | 15964 | ||
| 003 | PGUSA | ||
| 005 | 20140828083336.0 | ||
| 008 | 050531s2005||||xxu|||||s|||||000 1 eng d | ||
| 040 |
_aPGUSA _beng |
||
| 042 | _adc | ||
| 050 | 4 | _aPR | |
| 100 | 1 |
_aBenson, Arthur Christopher, _d1862-1925 |
|
| 245 | 1 | 4 |
_aThe Child of the Dawn _h[electronic resource] / _cArthur Christopher Benson |
| 260 |
_bProject Gutenberg, _c2005 |
||
| 506 | _aPublic domain in the USA. | ||
| 516 | _aElectronic text | ||
| 653 | _aSpiritual life -- Fiction | ||
| 653 | _aFantasy fiction | ||
| 653 | _aReligious fiction | ||
| 653 | _aNear-death experiences -- Fiction | ||
| 830 | 0 |
_aProject Gutenberg _v15964 |
|
| 856 | 4 | 0 | _uhttp://www.gutenberg.org/ebooks/15964 |
| 942 | _cEB | ||
| 999 |
_c245219 _d245219 |
||